ECONOMICS (Record no. 73647)

MARC details
000 -LEADER
fixed length control field 00494nam a2200193Ia 4500
003 - CONTROL NUMBER IDENTIFIER
control field OSt
005 - DATE AND TIME OF LATEST TRANSACTION
control field 20260304142537.0
020 ## - INTERNATIONAL STANDARD BOOK NUMBER
International Standard Book Number 978-0-201-53762-8
040 ## - CATALOGING SOURCE
Transcribing agency LC
050 ## - LIBRARY OF CONGRESS CALL NUMBER
Classification number HB 171.5 .P 37 1996
100 ## - MAIN ENTRY--PERSONAL NAME
Personal name PARKIN MICHAEL
245 #0 - TITLE STATEMENT
Title ECONOMICS
250 ## - EDITION STATEMENT
Edition statement 3
260 ## - PUBLICATION, DISTRIBUTION, ETC.
Place of publication, distribution, etc. READIING,MASSACHUSETTS,
Name of publisher, distributor, etc. ADDISON-WESLEY PUBLISHING COMPANY,
Date of publication, distribution, etc. 1996,
300 ## - PHYSICAL DESCRIPTION
Extent XXXi, 1006 P, ILL
500 ## - GENERAL NOTE
General note INCLUDES BIBLIOGRAPHICAL REFERENCES AND INDEX
650 ## - SUBJECT ADDED ENTRY--TOPICAL TERM
Topical term or geographic name entry element Economics
942 ## - ADDED ENTRY ELEMENTS (KOHA)
Koha item type Long Loan Book
Source of classification or shelving scheme Library of Congress Classification
Holdings
Withdrawn status Lost status Source of classification or shelving scheme Damaged status Not for loan Collection Home library Current library Shelving location Date acquired Inventory number Total checkouts Full call number Barcode Date last seen Copy number Price effective from Koha item type
    Library of Congress Classification     Business & Economics Kisii University Library Kisii University Library On Display 05/06/2024 00050193   HB 171.5 .P 37 1996 001210 05/06/2024 1 05/06/2024 Long Loan Book